Statistics for Controllers of Costa Rica Throughout History

Click here to take the quiz!

General Stats

  • This quiz has been taken 53 times
    (39 since last reset)
  • The average score is 8 of 11

Answer Stats

Time PeriodAnswer% Correct
1520-1580Spain
100%
1640-1821Spain
100%
1821-1831Gran Colombia
90%
1863-1903Colombia
87%
1838-Costa Rica
87%
1903-1941Panama
84%
1821-1823Mexico
77%
1823-1838Federal Republic of Central America
61%
1580–1640Iberian Union
45%
1831-1858New Granada
16%
1858-1863Granadine Confederation
6%

Score Distribution

Percentile by Number Answered

Percent of People with Each Score

Your Score History

You have not taken this quiz since the last reset